000 00757nam a2200289Ia 4500
005 20260324121905.0
008 008 260324s9999 xx 000 0 eng d
020 _a9780203837412
037 _aEBOOK
040 _aCRL
040 _beng
040 _cCRL
041 _2eng
041 _aeng
084 _qCRL
100 _aJeffrey L. Binder; Ephi J. Betan
_91164277
245 0 _aCore Competencies in Brief Dynamic Psychotherapy
245 0 _bBecoming a Highly Effective and Competent Brief Dynamic Psychotherapist
260 _bTaylor and Francis
260 _c2013
365 _a
365 _b220
856 _uhttp://www.taylorfrancis.com/books/9780203837412
942 _cEBOOK
999 _c1756656
_d1756656